Curso de teoria geral do direito (O Constructivismo Lg̤ico-Semńtico)

Bibliographic Details
Main Author: Tomazini de Carvalho, Aurora
Format: eBook
Language:Portuguese
Published: San Pablo: Editora Noeses, 2019
Subjects:
Online Access:Acceso restringido

MARC

LEADER 00000nam a22000007a 4500
005 20201118222729.0
007 cr|||| ||||
008 201118s2019 br |||||s|||| 00||0 por d
020 |a 978-85-8310-125-3 
035 |a 32319 
040 |a vLex 
090 |c 10899  |d 10899 
100 1 |a Tomazini de Carvalho, Aurora 
245 1 0 |a Curso de teoria geral do direito (O Constructivismo Lg̤ico-Semńtico)  |h [Recurso electrn̤ico] /  |c Aurora Tomazini de Carvalho 
256 |a Servicio en ln̕ea 
260 |a San Pablo:  |b Editora Noeses,  |c 2019 
300 |a 1 recurso electrn̤ico 
506 1 |a Disponible solo en los productos indicados  |d vLex Global  |d vLex Global (Academic Edition, excluding Law Schools)  |d vLex Global (U.S. Academic Edition, Law Schools)  |d vLex Global (U.S. Academic Edition, excluding Law Schools)  |d vLex Global (Academic Edition, Law Schools) 
650 0 4 |a Filosofia y Historia del Derecho  |z Brasil 
740 0 |a vLex Libros (Servicio en ln̕ea) 
856 4 0 |u http://vlex.com/source/curso-teoria-geral-direito-32319  |z Acceso restringido 
942 |c BOOK 
999 0 |a Philosophy and History of Law